Proyecto ciudadanos : (Registro nro. 10168)
[ vista simple ]
| 000 -LIDER | |
|---|---|
| fixed length control field | 00807nam a22002177a 4500 |
| 001 - NÚMERO DE CONTROL | |
| Identificador de número de control | 0000036265 |
| 003 - IDENTIFICACDOR DE NÚMERO DE CONTROL | |
| control field | DO-SdBNP |
| 005 - DATE AND TIME OF LATEST TRANSACTION | |
| control field | 20230327105457.0 |
| 007 - CAMPOS FIJOS DE DESCRIPCIÓN FÍSICA | |
| fixed length control field | 0000036265 |
| 008 - ELEMENTOS DE LONGITUD FIJA | |
| fixed length control field | 160518b 2008 dr a xxu||||| |||| 00| 0 spa d |
| 040 ## - FUENTE DE CATALOGACIÓN | |
| Agencia que crea de manera original el registro | BPMSU |
| Idioma de catalogación | spa |
| Agencia que realiza la transcripción | BPMSU |
| 092 ## - LOCALLY ASSIGNED DEWEY DECIMAL CALL NUMBER | |
| Número de clasificación | xxxxx |
| Número de ítem (Cutter) | xxxxx |
| 245 0# - MENCIÓN DE TITULO | |
| Título | Proyecto ciudadanos : |
| Subtítulo | guía pedagógica / |
| Mención de responsabilidad | Nerys García Cuevas, Susana Doñé ; prólogo Mu-Kien Sang Adriana Sang |
| 260 ## - PUBLICACIÓN, DISTRIBUCIÓN, ETC. (PIE DE IMPRENTA) | |
| Lugar de publicación, distribución, etc | Santo Domingo : |
| Nombre del editor, distribuidor, etc. | Pontificia Universidad Católica Madre y Maestra, |
| -- | Proyecto para el Apoyo a Iniciativas Democráticas, |
| Fecha de publicación, distribución, etc | 2008. |
| 300 ## - DESCRIPCIÓN FÍSICA | |
| Extensión | 59 p. : |
| Otros detalles físicos | il. ; |
| Dimensiones | 28 cm. |
| 700 1# - ASIENTO SECUNDARIO -- NOMBRE PERSONAL | |
| Nombre personal | García Cuevas, Nerys |
| 700 1# - ASIENTO SECUNDARIO -- NOMBRE PERSONAL | |
| Nombre personal | Doñé, Susana |
| 700 12 - ASIENTO SECUNDARIO -- NOMBRE PERSONAL | |
| Nombre personal | Sang, Mu-Kien Sang Adriana, |
| Mención de responsabilidad | pról. |
| 910 ## - VALIDACIÓN | |
| Validación | LOPEREZ/ VMateo V. Control de calidad (BPMSU) |
| 942 ## - ADDED ENTRY ELEMENTS (KOHA) | |
| Source of classification or shelving scheme | Dewey Decimal Classification |
| Koha item type | Libros |
| Withdrawn status | Lost status | Source of classification or shelving scheme | Damaged status | Not for loan | Collection code | Home library | Current library | Date acquired | Source of acquisition | Total Checkouts | Barcode | Date last seen | Copy number | Price effective from | Koha item type |
|---|---|---|---|---|---|---|---|---|---|---|---|---|---|---|---|
| Dewey Decimal Classification | Biblioteca Pública Metropolitana Salomé Ureña | Biblioteca Pública Metropolitana Salomé Ureña | 05/18/2016 | Donación | BPMSU16050387 | 05/18/2016 | Ej. 1 | 05/18/2016 | Libros | ||||||
| Dewey Decimal Classification | Biblioteca Pública Metropolitana Salomé Ureña | Biblioteca Pública Metropolitana Salomé Ureña | 05/18/2016 | Donación | BPMSU16050388 | 05/18/2016 | Ej. 2 | 05/18/2016 | Libros |